00246pam a2200097 a 4500020000500000041000500005100002500010245005800035260004600093300000900139 c h aMichael L. Morrison  aWildlife -Habitat Relation Ships. hTextual Documents bOis Land Press Washington - London c2006 a2590